• 首页
  • 本馆介绍
  • 公告通知
  • 最新文献
  • 馆藏检索
  • 电子资源
  • 读者导购
  • 参考咨询
  • 我的图书馆
  • 登录
  • 详细信息显示
  • 放入我的书架
  • 预约/预借图书
  • 作者相关作品
  • 分类相关作品
  • 丛书相关作品
  • 出版社相关作品

书目信息

  • 表格格式
  • 工作单格式
  • 卡片格式
题名:
认真学习无产阶级专政理论
    
 
作者: ;首都钢铁公司工人理论组 编
分册:  
出版信息: 北京   北京人民出版社  1976
页数: 125页
开本: 19cm
丛书名:
单 册:
中图分类: D046-53
科图分类:
主题词: 无产阶级专政-列宁著作研究--专题汇编 , 社会主义革命--理论 , 无产阶级专政--理论 , 社会主义革命--关系--无产阶级专政 , 列宁著作研究-无产阶级专政--专题汇编
电子资源:
ISBN:
000 00990nam0 2200277 45
001 0176000276
005 20060728091848.34
010    @dCNY0.24
100    @a19950628d1976 em y0chiy0121 ea
101 0  @achi
102    @aCN@b110000
105    @ay z 000yy
200 10 @a认真学习无产阶级专政理论@Aren zhen xue xi wu chan jie ji zhuan zheng li lun@e列宁十月革命后若干著作介绍@f首都钢铁公司工人理论组编
210    @a北京@c北京人民出版社@d1976
215    @a125页@d19cm
517 1  @a列宁十月革命后若干著作介绍@Alie ning shi yue ge ming hou ruo gan zhu zuo jie shao
606    @a无产阶级专政-列宁著作研究@x专题汇编
606 0  @a社会主义革命@x理论
606 0  @a无产阶级专政@x理论
606 0  @a社会主义革命@x关系@x无产阶级专政
606    @a列宁著作研究-无产阶级专政@x专题汇编
690    @aD046-53@v3
711 02 @a首都钢铁公司工人理论组@Ashou du gang tie gong si gong ren li lun zu@4编
801  0 @aCN@bTSSF@c20060728
801  2 @aCN@bNLC@c20060718
905    @a10447@dD046-53@e11
    
    认真学习无产阶级专政理论:列宁十月革命后若干著作介绍/首都钢铁公司工人理论组编.-北京:北京人民出版社,1976
    125页;19cm
    
    
    ISBN :CNY0.24
    
●
相关链接 在E读中查询图书 在五车中查询图书 在当当中查询图书 在豆瓣中查询图书


正题名:认真学习无产阶级专政理论     索取号:D046-53/11         预约/预借

序号 登录号 条形码 馆藏地/架位号 状态 备注
1 0424256   204242569   密集书库/ [索取号:D046-53/11] 在馆    
2 0440273   204402734   密集书库/ [索取号:D046-53/11] 在馆    
唐山师范学院图书馆 欢迎您!
大连网信软件有限公司© 版权所有